=LDR 00000nam 2200000 4500 =001 INLIS000000000052484 =005 20260108091200 =035 ##$$a 0010-0218000180 =007 ta =008 260108################g##########0#ind## =020 ##$$a 978-602-1010-44-0 =082 ##$$a 899.221 3 =084 ##$$a 899.221 3 JIH r =100 #$$a Jihan nur pratiwi =245 1#$$a Remember rain : $b Selalu ada kisah ditiap tetesnya /$c Jihan nur pratiwi =260 ##$$a Jakarta :$b Euthenia,$c 2015 =300 ##$$a iii, 192 hlm ; $c 19 cm =500 ##$$a Biografi : hlm 192 =650 #4$$a FIKSI INDONESIA =990 ##$$a 31700504 =990 ##$$a 31700503 =990 ##$$a 00092777 =990 ##$$a 21708617 =990 ##$$a 21708616 =990 ##$$a 21708615 =990 ##$$a 3202501119